Por el cielo, Norma Jeane : el deseo concedido de Marilyn Monroe /
Saved in:
| 主要作者: | |
|---|---|
| 格式: | 電子 電子書 |
| 語言: | 西班牙语 |
| 出版: |
Barcelona :
Ediciones Carena,
2013.
|
| 版: | 1. ed. |
| 叢編: | Narrativa (Ediciones Carena) ;
117. |
| 主題: | |
| 在線閱讀: | Digitalia Hispánica |
| 標簽: |
添加標簽
沒有標簽, 成為第一個標記此記錄!
|
MARC
| LEADER | 00000nam a2200000Ii 4500 | ||
|---|---|---|---|
| 001 | DIGCAR12117 | ||
| 003 | NyNyDIG | ||
| 006 | m o d | ||
| 007 | cr ||||||||||| | ||
| 008 | 140201s2013 sp o 000 1 spa d | ||
| 020 | |a 9788492619276 |q (eBook) | ||
| 020 | |z 9788415681342 | ||
| 020 | |z 8415681348 | ||
| 035 | |a (OCoLC)888237752 | ||
| 040 | |a DGITA |b eng |e pn |c DGITA | ||
| 100 | 1 | |a Catena Fernández, Francisco. | |
| 245 | 1 | 0 | |a Por el cielo, Norma Jeane : |b el deseo concedido de Marilyn Monroe / |c Francisco Catena Fernández. |
| 250 | |a 1. ed. | ||
| 264 | 1 | |a Barcelona : |b Ediciones Carena, |c 2013. | |
| 300 | |a 1 online resource (510 pages) : |b ill. | ||
| 336 | |a text |b txt |2 rdacontent | ||
| 337 | |a computer |b c |2 rdamedia | ||
| 338 | |a online resource |b cr |2 rdacarrier | ||
| 490 | 1 | |a Narrativa ; |v 117. | |
| 655 | 0 | |a Electronic books. | |
| 791 | 2 | |a Digitalia (Firm), |e distributor. | |
| 830 | 0 | |a Narrativa (Ediciones Carena) ; |v 117. | |
| 793 | 0 | |g Digitalia eBook Collection: |a Ediciones Carena. | |
| 856 | 4 | 0 | |3 Digitalia Hispánica |u https://digitalia.unach.elogim.com/a/23495/ |
| 910 | |a Premium Collection: 2007-2012 | ||